| 000 | 01511nam a22003857a 4500 | ||
|---|---|---|---|
| 003 | CHAP | ||
| 005 | 20220329143510.0 | ||
| 008 | 100223s2009 mx r 00010 spa d | ||
| 010 | _a97596 | ||
| 011 | _a98568 | ||
| 035 | _a109253 | ||
| 040 | _cCHAP | ||
| 090 | _aTesis | ||
| 100 | 1 |
_aSerrano Azpeitia, Nahúm. _9105199 |
|
| 245 | 1 | 0 |
_aComposición nutricional de la dieta de venado cola blanca (Odocoileous virginianus subespecie mexicanus) en Pitzotlán, Morelos _c/por Nahúm Serrano Azpeitia |
| 260 |
_aChapingo, Méx. : _bEl autor, _c2009 |
||
| 300 |
_avii, 45 h. : _bcuadros, gráfs. |
||
| 502 | _aTesis (Ing. Agr. Esp. en Zootecnia) -- UACH. Departamento de Zootecnia | ||
| 530 | _aTambién disponible en línea | ||
| 590 |
_aALEPH _b10 _c20130110 _lUCH01 _h1532 |
||
| 590 |
_aBATCH-UPD _b10 _c20130110 _lUCH01 _h1001 |
||
| 590 |
_aBATCH-UPD _b10 _c20130410 _lUCH01 _h0612 |
||
| 590 |
_aBATCH-UPD _b10 _c20130914 _lUCH01 _h1848 |
||
| 590 |
_aBATCH-UPD _b10 _c20140324 _lUCH01 _h1514 |
||
| 590 |
_aBATCH-UPD _b10 _c20141002 _lUCH01 _h0841 |
||
| 590 |
_aCONVERSION _b10 _c20130109 _lUCH01 _h1354 |
||
| 650 | 1 | 4 |
_aOdocoileus virginianus. _982732 |
| 650 | 1 | 4 |
_aVenados _xAlimentación. _9118664 |
| 650 | 1 | 4 |
_aVenados _xNutrición. _9118665 |
| 856 |
_3Finding aid _uhttp://10.13.5.2/tesis/109253.pdf _zTeclea aqui |
||
| 901 | _aBK | ||
| 942 | _cFOLL | ||
| 949 |
_aTesis _bBC _cTES _d33724002110223 _eTS1 _gDonaciØn _h50038 _i109253 _sb |
||
| 949 |
_aTesis _bBC _cTES _d33724002110264 _eTS2 _fc.2 _gDonaciØn _h50039 _i109253 _sb |
||
| 999 |
_c97596 _d97596 |
||